Mahatma Gandhir jibon kotha (Record no. 8747)

MARC details
000 -LEADER
fixed length control field 00564cam a2200217ua 4500
001 - CONTROL NUMBER
control field 9744
005 - DATE AND TIME OF LATEST TRANSACTION
control field 20260515114522.0
008 - FIXED-LENGTH DATA ELEMENTS--GENERAL INFORMATION
fixed length control field 160816n ii |||gr||||Z||||||asm
040 ## - CATALOGING SOURCE
Transcribing agency MAIN
041 ## - LANGUAGE CODE
Language code of text/sound track or separate title asm
082 ## - DEWEY DECIMAL CLASSIFICATION NUMBER
Classification number 920
100 ## - MAIN ENTRY--PERSONAL NAME
Personal name Ficher, Lui,
Relator term Author.
245 ## - TITLE STATEMENT
Title Mahatma Gandhir jibon kotha
Statement of responsibility, etc. Translated by Rupa Bora
250 ## - EDITION STATEMENT
Edition statement 3rd ed.
260 ## - PUBLICATION, DISTRIBUTION, ETC.
Place of publication, distribution, etc. Nagaon:
Name of publisher, distributor, etc. Jagaran sahitya prakash,
Date of publication, distribution, etc. 2010.
300 ## - PHYSICAL DESCRIPTION
Extent 254p.
653 ## - INDEX TERM--UNCONTROLLED
Uncontrolled term Biography, genealogy & insignia
653 ## - INDEX TERM--UNCONTROLLED
Uncontrolled term Assamese biography
700 ## - ADDED ENTRY--PERSONAL NAME
Personal name Bora, Rupa,
Relator term Translator.
942 ## - ADDED ENTRY ELEMENTS (KOHA)
Koha item type Books
Holdings
Withdrawn status Lost status Damaged status Not for loan Home library Current library Shelving location Date acquired Total checkouts Full call number Barcode Date last seen Copy number Price effective from Koha item type
        Naharkatiya College Library Naharkatiya College Library General stacks 09/19/2020   920Assamese biography | BOR 22087 12/23/2024 1 09/19/2020 Books